Vico e la tradizione della retorica.

Salvato in:
Dettagli Bibliografici
Autore principale: Mooney, Michael (autore)
Natura: Libro
Pubblicazione: Bologna, Italia: Il Moulino, 1991.
Soggetti:
Tags: Aggiungi Tag
Nessun Tag, puoi essere il primo ad aggiungerne!!

MARC

LEADER 00000nam a22000007a 4500
003 CL-VaPUC
005 20220822114629.0
008 220715t1991 ||||| |||| 00| 0 eng d
999 |c 437091  |d 437089 
020 |a 88-15-033350-5 
040 |c Pontificia Universidad Católica de Valparaíso 
082 7 |a 195 MOO 1991  |2 22 
100 1 |a Mooney, Michael  |e autore  |9 873010 
245 |a Vico e la tradizione della retorica.  
260 |a Bologna, Italia:  |b Il Moulino,   |c 1991. 
300 |a 362 páginas.  
500 |a c.1 Donación Familia Prof. Alejandro Guzmán Brito. 
583 |c 20220715  |k Cristina María Rojas Aguilar 
600 |a Vico, Giambattista,  |d 1668-1744  |9 873065 
650 |a Filosofía italiana  |9 265241 
942 |2 ddc  |c BK  |n 0 
952 |0 0  |1 0  |2 ddc  |4 0  |6 195_000000000000000_MOO_1991  |7 0  |8 C_AGB  |9 584836  |a BIBDER  |b BIBDER  |d 2022-07-15  |e Donación   |i 5652964  |o 195 MOO 1991  |p 5652964  |r 2023-01-25  |t 1  |w 2022-07-15  |y BK_US  |k AGB